000 00231nam a2200109 4500
082 _aGRE
100 _aGreen, DC
245 _aDigital Electrical Technology
260 _aNew York:
_bLongman,
_c1993.
300 _a765p. ;
942 _cBK
999 _c9534
_d9534